00473nam a22001097a 4500040000800000082002600008100004400034245021800078260002600296300002400322856001700346 cRUA aAGR LY 2015 B520 Or.1 aLY CHANTHOUN; លី ចន្ធូន aEffect of plant density on yield of cherry tomato (Lycopersicon esculentum); ឥទ្ធិពលនៃដង់ស៊ីតេដំណាំ លើទិន្នផលប៉េងបោះផ្លែតូច aPhnom PenhbLY c2015 ax;29p.bill.c29cm. uLY CHANTHOUN